[Event "4NCL Division Two"]
[Site "Daventry, ENG"]
[Date "2023.01.15"]
[Round "4.25"]
[White "Burrows, Martin P"]
[Black "Stoica, Savas Marin"]
[Result "1-0"]
[WhiteElo "2179"]
[BlackElo "2236"]
[PlyCount "83"]
[EventDate "2023.01.15"]
[WhiteTeam "The Rookies"]
[BlackTeam "Barnet Knights A"]

1. e4 c6 2. d4 d5 3. e5 Bf5 4. Nf3 e6 5. Be2 Ne7 6. O-O h6 7. Nbd2 Nd7 8. Nb3
g5 9. Ne1 c5 10. dxc5 Nc6 11. Bd3 Bxd3 12. Nxd3 Ncxe5 13. Nxe5 Nxe5 14. f4 gxf4
15. Bxf4 Ng6 16. Bg3 h5 17. Qf3 Rh7 18. c4 h4 19. Bf4 Rc8 20. cxd5 Nxf4 21.
Qxf4 Qxd5 22. Rad1 Qc6 23. h3 Be7 24. Rf2 Qc7 25. Qg4 Bf8 26. Rdf1 Qe5 27. Qa4+
Rc6 28. Qxa7 Bxc5 29. Nxc5 Qxc5 30. Qxb7 Rg7 31. Qa8+ Ke7 32. Qa4 Qc4 33. Qa3+
Ke8 34. Qe3 Rc5 35. Kh1 Rcg5 36. Rc1 Qd5 37. Qa7 Qd8 38. Qa6 Ra5 39. Qb7 Ra8
40. Qc6+ Ke7 41. Qc3 Rg3 42. Qf6+ 1-0

[Event "4NCL Division Two"]
[Site "Daventry, ENG"]
[Date "2023.01.15"]
[Round "4.26"]
[White "Badacsonyi, Frankie"]
[Black "Gibson, Christopher A"]
[Result "1-0"]
[WhiteElo "2219"]
[BlackElo "1846"]
[PlyCount "87"]
[EventDate "2023.01.15"]
[WhiteTeam "Barnet Knights A"]
[BlackTeam "The Rookies"]

1. Nf3 c5 2. b3 Nf6 3. Bb2 g6 4. Bxf6 exf6 5. d4 Qa5+ 6. Qd2 Qxd2+ 7. Nbxd2 d6
8. e3 f5 9. Bb5+ Bd7 10. Bxd7+ Nxd7 11. Ke2 Bg7 12. c3 Ke7 13. Rhd1 Rhd8 14. g3
Rac8 15. Rac1 Nb8 16. Nb1 Nc6 17. c4 Rd7 18. Nc3 Rdd8 19. Rc2 Ke8 20. Nd5 Kf8
21. Kf1 Ke8 22. Kg2 Kf8 23. h4 h5 24. Nc3 Ke7 25. Nb5 Ra8 26. Rcd2 Bh8 27. dxc5
dxc5 28. Rxd8 Rxd8 29. Rxd8 Kxd8 30. Nd6 Kc7 31. Nxf7 Bf6 32. N7g5 Nb4 33. a4
Nd3 34. Ne6+ Kd6 35. Nf4 Nc1 36. Kf1 Nxb3 37. Ke2 Na5 38. Kd3 Nc6 39. Nxg6 Nb4+
40. Kd2 Na2 41. Nf4 Nc3 42. Nxh5 Bh8 43. Ng5 Ke7 44. Nf4 1-0

[Event "4NCL Division Two"]
[Site "Daventry, ENG"]
[Date "2023.01.15"]
[Round "4.27"]
[White "Jaszkiwskyj, Peter"]
[Black "Thatte, Nishchal"]
[Result "1/2-1/2"]
[WhiteElo "1872"]
[BlackElo "2123"]
[PlyCount "66"]
[EventDate "2023.01.15"]
[WhiteTeam "The Rookies"]
[BlackTeam "Barnet Knights A"]

1. d4 Nf6 2. c4 e6 3. Nc3 Bb4 4. e3 c5 5. Bd3 Nc6 6. Nge2 cxd4 7. exd4 d5 8.
O-O h6 9. a3 Be7 10. Re1 O-O 11. Bf4 dxc4 12. Bxc4 b6 13. d5 Na5 14. Ba2 exd5
15. Nxd5 Nxd5 16. Bxd5 Bb7 17. Nc3 Bf6 18. Bxb7 Qxd1 19. Raxd1 Nxb7 20. Be5
Bxe5 21. Rxe5 Rfe8 22. Red5 Rac8 23. Kf1 Na5 24. Re1 Nc4 25. Rxe8+ Rxe8 26. Nd1
Re7 27. Rd4 Rc7 28. Ke2 f6 29. f4 Na5 30. Nc3 Re7+ 31. Kf2 Rc7 32. Ke2 Re7+ 33.
Kf2 Rc7 1/2-1/2

[Event "4NCL Division Two"]
[Site "Daventry, ENG"]
[Date "2023.01.15"]
[Round "4.28"]
[White "Willmoth, Robert F"]
[Black "Pyun, Lindsay"]
[Result "1-0"]
[WhiteElo "2150"]
[BlackElo "1795"]
[PlyCount "89"]
[EventDate "2023.01.15"]
[WhiteTeam "Barnet Knights A"]
[BlackTeam "The Rookies"]

1. d4 d5 2. Nf3 Nf6 3. Bg5 e6 4. Nbd2 h6 5. Bh4 c5 6. e3 Nbd7 7. c3 Bd6 8. Bd3
c4 9. Bc2 b5 10. e4 dxe4 11. Nxe4 Be7 12. a4 b4 13. Qe2 b3 14. Nxf6+ Nxf6 15.
Bxf6 Bxf6 16. Be4 Rb8 17. Qxc4 O-O 18. Qe2 Qb6 19. O-O Rd8 20. Bd3 Qd6 21. Bc4
Bb7 22. Ra3 Bd5 23. Bxd5 exd5 24. Nd2 Qc6 25. Qd1 Rb6 26. Rxb3 Ra6 27. Ra3 Be7
28. b4 Qc7 29. Re1 Rc6 30. Rb3 Bd6 31. Nf3 Rxc3 32. Rxc3 Qxc3 33. b5 Rc8 34.
Qa1 Qc2 35. g3 Bb4 36. Rf1 Rc3 37. Ne5 Ra3 38. Qc1 Qc3 39. Qf4 Qc7 40. Rc1 Rc3
41. Rxc3 Bxc3 42. Nc6 Qd7 43. Qc1 Bxd4 44. Nxd4 Qg4 45. Qd2 1-0

[Event "4NCL Division Two"]
[Site "Daventry, ENG"]
[Date "2023.01.15"]
[Round "4.31"]
[White "Dilley, Jason M"]
[Black "Merry, Alan B"]
[Result "0-1"]
[WhiteElo "2096"]
[BlackElo "2438"]
[PlyCount "100"]
[EventDate "2023.01.15"]
[WhiteTeam "The Sharks 2"]
[BlackTeam "Barbican 4NCL"]

1. d4 Nf6 2. Bg5 d5 3. Bxf6 gxf6 4. Nf3 c5 5. c3 Nc6 6. dxc5 e6 7. b4 a5 8. b5
Na7 9. e3 Bxc5 10. c4 dxc4 11. Qxd8+ Kxd8 12. Bxc4 b6 13. Ke2 Bb7 14. Rd1+ Ke7
15. Nc3 Rac8 16. Na4 Rhg8 17. g3 Bxe3 18. Kxe3 Rxc4 19. Rd7+ Kxd7 20. Nxb6+ Ke7
21. Nxc4 Nxb5 22. Rb1 Ba6 23. Nxa5 Nc3 24. Rb3 Nd1+ 25. Kd4 Rc8 26. Rb6 e5+ 27.
Nxe5 fxe5+ 28. Ke4 Nc3+ 29. Kf5 Ra8 30. Nc6+ Kf8 31. Kxe5 Bc8 32. Rb8 {(=)}
Rxb8 33. Nxb8 Nxa2 34. Nc6 Nc3 35. f4 Nd1 36. f5 Ne3 37. Nd4 Ng4+ 38. Kf4 Nxh2
39. Kg5 Kg7 40. f6+ Kh8 41. Nb5 Kg8 42. Nd6 Be6 43. Ne4 Ng4 44. Nc5 h6+ 45. Kh5
Kh7 46. Ne4 Bf5 47. Nd6 Nxf6+ 48. Kh4 Kg6 49. Nc4 Ng4 50. Nd2 Ne3 0-1

[Event "4NCL Division Two"]
[Site "Daventry, ENG"]
[Date "2023.01.15"]
[Round "4.32"]
[White "Taylor, Martin R"]
[Black "Murphy, Hugh W"]
[Result "1-0"]
[WhiteElo "2356"]
[BlackElo "2174"]
[PlyCount "65"]
[EventDate "2023.01.15"]
[WhiteTeam "Barbican 4NCL"]
[BlackTeam "The Sharks 2"]

1. d4 Nf6 2. c4 e6 3. Nc3 Bb4 4. Qc2 Nc6 5. Nf3 d6 6. Bd2 e5 7. d5 Bxc3 8. Bxc3
Nb8 9. e4 a5 10. Be2 Nbd7 11. O-O Nc5 12. Nd2 Bg4 13. f3 Bd7 14. f4 Bg4 15.
fxe5 Bxe2 16. exf6 Bxf1 17. fxg7 Rg8 18. Rxf1 Qg5 19. Nf3 Qe3+ 20. Qf2 Qxf2+
21. Rxf2 f6 22. Bxf6 Nxe4 23. Re2 Kf7 24. Bd4 Nf6 25. Re6 Rxg7 26. Rxf6+ Kg8
27. Re6 Rd7 28. Bc3 Rf8 29. Re4 h6 30. Re6 Rf4 31. b3 h5 32. Ng5 Rg4 33. Ne4
1-0

[Event "4NCL Division Two"]
[Site "Daventry, ENG"]
[Date "2023.01.15"]
[Round "4.33"]
[White "Birtwistle, Nigel"]
[Black "Franklin, Samuel G A"]
[Result "0-1"]
[WhiteElo "2157"]
[BlackElo "2302"]
[PlyCount "66"]
[EventDate "2023.01.15"]
[WhiteTeam "The Sharks 2"]
[BlackTeam "Barbican 4NCL"]

1. e4 e5 2. Nf3 Nc6 3. d4 exd4 4. Bc4 Bc5 5. O-O d6 6. c3 Bg4 7. Qb3 Bxf3 8.
Bxf7+ Kf8 9. Bxg8 Rxg8 10. gxf3 Qc8 11. Bf4 g5 12. Bd2 Qh3 13. Bc1 Ne5 14. cxd4
Nxf3+ 15. Qxf3+ Qxf3 16. dxc5 Qg4+ 17. Kh1 Qxe4+ 18. Kg1 Qg4+ 19. Kh1 Qf3+ 20.
Kg1 Re8 21. Nd2 Qg4+ 22. Kh1 dxc5 23. a4 Rg6 24. Ra3 Kg8 25. Rg3 Qe2 26. Kg1
Rd8 27. Re3 Rxd2 28. Rxe2 Rxe2 29. b3 b6 30. Kg2 h6 31. Kf3 Rge6 32. Rd1 Re1
33. Rd8+ Re8 0-1

[Event "4NCL Division Two"]
[Site "Daventry, ENG"]
[Date "2023.01.15"]
[Round "4.34"]
[White "Pigott, John C"]
[Black "Varnam, Liam D"]
[Result "1-0"]
[WhiteElo "2358"]
[BlackElo "2170"]
[PlyCount "89"]
[EventDate "2023.01.15"]
[WhiteTeam "Barbican 4NCL"]
[BlackTeam "The Sharks 2"]

1. e4 e5 2. Nf3 Nc6 3. Bc4 Nf6 4. d3 Be7 5. O-O O-O 6. Re1 d6 7. a4 Be6 8. Bxe6
fxe6 9. c3 Qd7 10. b4 a6 11. Na3 b5 12. Bd2 Rab8 13. Qb3 Kh8 14. Nc2 d5 15.
axb5 axb5 16. Ra6 Rb6 17. Rxb6 cxb6 18. Na3 Ng4 19. Qc2 d4 20. c4 Nxb4 21. Qb3
Na6 22. cxb5 Nc5 23. Qb1 Qc7 24. Nc4 Bf6 25. Bb4 Rc8 26. Rc1 Nh6 27. Na5 Be7
28. Nc6 Bd6 29. Bxc5 bxc5 30. Qb3 Re8 31. Ra1 Qf7 32. Ncxe5 Bxe5 33. Nxe5 Qf4
34. Nf3 g5 35. h3 g4 36. hxg4 Qxg4 37. Nh2 Qf4 38. g3 Qg5 39. b6 Nf7 40. b7 Qe5
41. Ra8 Rb8 42. Nf3 Qd6 43. e5 Nxe5 44. Rxb8+ Qxb8 45. Nxe5 1-0

[Event "4NCL Division Two"]
[Site "Daventry, ENG"]
[Date "2023.01.15"]
[Round "4.36"]
[White "Navarro Cia, Miguel"]
[Black "Lentzos, Ioanis"]
[Result "1/2-1/2"]
[WhiteElo "2242"]
[BlackElo "2181"]
[PlyCount "55"]
[EventDate "2023.01.15"]
[WhiteTeam "Barbican 4NCL"]
[BlackTeam "The Sharks 2"]

1. e4 c5 2. Nf3 e6 3. d4 cxd4 4. Nxd4 Nc6 5. Nc3 Qc7 6. Be3 a6 7. Qd2 Nf6 8.
O-O-O Be7 9. f3 b5 10. g4 Nxd4 11. Qxd4 Bb7 12. g5 Nh5 13. Qd2 d5 14. Bd3 Bb4
15. a3 Bxc3 16. Qxc3 Qxc3 17. bxc3 O-O 18. Rhf1 Rac8 19. Kb2 Rfe8 20. Ra1 dxe4
21. fxe4 Bc6 22. Rac1 e5 23. c4 Nf4 24. Bxf4 bxc4 25. Bxc4 Bxe4 26. Bb3 exf4
27. Rxf4 Bg6 28. Rf2 1/2-1/2

[Event "4NCL Division Two"]
[Site "Daventry, ENG"]
[Date "2023.01.15"]
[Round "4.37"]
[White "Milson, Samuel A"]
[Black "Pert, Nina"]
[Result "0-1"]
[WhiteElo "2196"]
[BlackElo "2068"]
[PlyCount "84"]
[EventDate "2023.01.15"]
[WhiteTeam "The Sharks 2"]
[BlackTeam "Barbican 4NCL"]

1. e4 c6 2. Nf3 d5 3. Nc3 Bg4 4. h3 Bxf3 5. Qxf3 Nf6 6. Be2 e6 7. O-O Be7 8. e5
Nfd7 9. Qg3 O-O 10. d4 Kh8 11. f4 c5 12. dxc5 Bxc5+ 13. Kh1 f6 14. exf6 Nxf6
15. f5 Qe7 16. Bg5 Nbd7 17. Rae1 d4 18. fxe6 dxc3 19. Bd3 Nb6 20. Qh4 h6 21.
Re5 Bd6 22. Ref5 Kg8 23. Bxh6 Nh7 24. Qg4 Rxf5 25. Bxf5 cxb2 26. c4 Rf8 27. Qg6
Rxf5 28. Qxf5 gxh6 29. Qe4 Ng5 30. Qg6+ Qg7 31. Qe8+ Kh7 32. c5 Ne4 33. Re1
Ng3+ 34. Kg1 Bxc5+ 35. Kh2 Bd6 36. Qb5 Ne4+ 37. Kg1 Qd4+ 38. Kh1 Nf2+ 39. Kg1
Nxh3+ 40. Kh1 Nf2+ 41. Kg1 Nd3+ 42. Kh1 Qh4+ 0-1

[Event "4NCL Division Two"]
[Site "Daventry, ENG"]
[Date "2023.01.15"]
[Round "4.38"]
[White "Pert, Max"]
[Black "Volovich, Julia"]
[Result "1-0"]
[WhiteElo "2032"]
[BlackElo "2112"]
[PlyCount "49"]
[EventDate "2023.01.15"]
[WhiteTeam "Barbican 4NCL"]
[BlackTeam "The Sharks 2"]

1. d4 Nf6 2. Bg5 d5 3. e3 c5 4. Bxf6 gxf6 5. dxc5 Nc6 6. Bb5 e6 7. c4 dxc4 8.
Nd2 Bxc5 9. Ngf3 O-O 10. O-O c3 11. bxc3 Bd7 12. Qc2 Be7 13. Bd3 f5 14. e4 fxe4
15. Nxe4 f5 16. Ng3 Rc8 17. Qe2 Bf6 18. Bc4 Kh8 19. Rad1 Re8 20. Nh5 Rc7 21.
Rd6 Qe7 22. Rfd1 Bc8 23. Bb5 Rd7 24. Rxd7 Bxd7 25. Rxd7 1-0

[Event "4NCL Division Two"]
[Site "Daventry, ENG"]
[Date "2023.01.15"]
[Round "4.41"]
[White "Taylor, Adam A"]
[Black "Shafi, Declan"]
[Result "1-0"]
[WhiteElo "2252"]
[BlackElo "2221"]
[PlyCount "169"]
[EventDate "2023.01.15"]
[WhiteTeam "North East England"]
[BlackTeam "Alba"]

1. Nf3 Nf6 2. g3 g6 3. Bg2 Bg7 4. d4 d5 5. O-O O-O 6. c4 c6 7. cxd5 cxd5 8. Nc3
Ne4 9. Ne5 Bf5 10. Qb3 Nc6 11. Nxc6 bxc6 12. Nxe4 dxe4 13. Rd1 Qb6 14. Be3 Rfd8
15. Qc2 Bxd4 16. Bxd4 Rxd4 17. Rxd4 Qxd4 18. Rd1 Qe5 19. Qxc6 Rc8 20. Qb7 a5
21. Qb3 Rb8 22. Qe3 Rxb2 23. a3 Rb8 24. h3 h5 25. Rd4 Kg7 26. h4 Rb3 27. Qxb3
Qxd4 28. e3 Qa1+ 29. Kh2 Qe5 30. Qc2 Qd5 31. Qc7 Kf6 32. Qc3+ e5 33. Qb2 Kg7
34. Qc3 Bd7 35. Bf1 Bc6 36. Kg2 Kf6 37. Qb2 Qc5 38. Be2 Bd5 39. Bf1 a4 40. Qb5
Qxb5 41. Bxb5 Bb3 42. Kf1 Ke7 43. Ke1 Kd6 44. Kd2 Kc5 45. Be8 Kd6 46. Kc3 Kc5
47. Bd7 Bd1 48. Kd2 Bb3 49. Be8 Kd6 50. Bb5 Kc5 51. Bd7 Kd6 52. Be8 Ke7 53. Bb5
Kd6 54. Kc3 Kc5 55. Be8 Be6 56. Bxa4 Bg4 57. Be8 Be6 58. a4 Bd5 59. Bd7 Kd6 60.
Bc8 Kc5 61. Ba6 Bc6 62. Bc4 Bxa4 63. Bxf7 Bd1 64. Bxg6 Kd5 65. Bf5 Be2 66. Kb4
Bd1 67. Kb5 Bf3 68. Kb6 Kd6 69. Kb7 Ke7 70. Kc6 Kf6 71. Bc8 Be2 72. Kd5 Bd3 73.
Bd7 Bc2 74. Be8 Bd1 75. Kxe4 Bc2+ 76. Kd5 Bb3+ 77. Kd6 Bd1 78. Bc6 Be2 79. Be4
Bd1 80. f4 exf4 81. gxf4 Bg4 82. Bc2 Bf5 83. e4 Bg4 84. e5+ Kf7 85. f5 1-0

[Event "4NCL Division Two"]
[Site "Daventry, ENG"]
[Date "2023.01.15"]
[Round "4.42"]
[White "Olson, Hamish"]
[Black "Walker, David J"]
[Result "1/2-1/2"]
[WhiteElo "2303"]
[BlackElo "2244"]
[PlyCount "123"]
[EventDate "2023.01.15"]
[WhiteTeam "Alba"]
[BlackTeam "North East England"]

{[%evp 0,123,14,13,27,-20,30,10,26,11,56,45,37,42,26,2,-9,-2,8,13,19,19,16,20,
20,14,21,39,36,33,30,33,50,47,51,41,38,35,42,32,28,18,22,22,23,25,32,15,34,37,
37,27,31,23,17,16,0,15,27,0,20,13,30,27,25,37,32,-3,9,0,0,0,0,19,41,42,58,56,
69,56,117,108,113,97,98,113,106,100,108,106,118,108,118,126,221,234,232,235,
231,235,236,234,226,226,226,226,226,232,225,225,225,225,225,226,226,226,226,
226,226,226,226,226,226,226,226,226]} 1. Nf3 d5 2. g3 c6 3. Bg2 Bg4 4. h3 Bh5
5. O-O Nd7 6. d4 Ngf6 7. Nbd2 e6 8. Re1 Be7 9. e4 dxe4 10. Nxe4 Nxe4 11. Rxe4
O-O 12. c3 Qc7 13. Bf4 Bd6 14. Bxd6 Qxd6 15. Qb3 Bxf3 16. Bxf3 Nf6 17. Re2 Qc7
18. Kg2 b6 19. Qc4 Rac8 20. a4 c5 21. a5 cxd4 22. Qxd4 Rfd8 23. Qe5 Qe7 24. Qb5
Qc7 25. Ra4 h6 26. Rb4 Rd6 27. h4 Qd8 28. axb6 axb6 29. Qa6 Rc5 30. Rb5 Rxb5
31. Qxb5 Qc7 32. Re1 Rd2 33. Ra1 Qc5 34. Ra8+ Kh7 35. Qxc5 bxc5 36. Rb8 e5 37.
Kf1 e4 38. Ke1 Rd5 39. Bd1 Re5 40. Rb7 Kg6 41. Bb3 Nd5 42. Rd7 Ne7 43. Kd2 f6
44. Bc4 h5 45. b4 cxb4 46. cxb4 Nf5 47. b5 e3+ 48. fxe3 Nxg3 49. b6 Ne4+ 50.
Ke2 Nc5 51. Rc7 Kh6 52. Rxc5 Rxc5 53. b7 Rxc4 54. b8=Q Rxh4 55. Kf3 Rg4 56. e4
Rg5 57. Qh8+ Kg6 58. Kf4 Re5 59. Qa8 Rg5 60. Qa2 Re5 61. Qc2 Kf7 62. Qc7+
1/2-1/2

[Event "4NCL Division Two"]
[Site "Daventry, ENG"]
[Date "2023.01.15"]
[Round "4.43"]
[White "Turner, Max N"]
[Black "Gourlay, Iain"]
[Result "0-1"]
[WhiteElo "2255"]
[BlackElo "2295"]
[PlyCount "110"]
[EventDate "2023.01.15"]
[WhiteTeam "North East England"]
[BlackTeam "Alba"]

1. e4 c6 2. d4 d5 3. e5 c5 4. dxc5 e6 5. Nf3 Bxc5 6. Bd3 Nc6 7. a3 f6 8. b4 Be7
9. Bb2 Nh6 10. O-O Nf7 11. Bb5 O-O 12. Bxc6 bxc6 13. Re1 a5 14. bxa5 Rb8 15.
Qc1 Qxa5 16. exf6 gxf6 17. Nbd2 e5 18. a4 Qc7 19. Nf1 Bg4 20. N3d2 Qd7 21. Re3
d4 22. Rg3 Kh8 23. Ba3 c5 24. Ne4 Rfc8 25. Qe1 f5 26. Ned2 c4 27. Bxe7 Qxe7 28.
c3 Qf6 29. Ne4 Qe7 30. Ned2 Qd7 31. f3 Bh5 32. Qc1 Bg6 33. f4 e4 34. Kh1 e3 35.
Nf3 e2 36. N1d2 d3 37. Nd4 Nd6 38. a5 Re8 39. Qe1 Ne4 40. Nxc4 Nxg3+ 41. hxg3
Qc7 42. Ne5 Rxe5 43. fxe5 Qxe5 44. a6 f4 45. Nf3 Qh5+ 46. Kg1 Qc5+ 47. Nd4 Be4
48. Qd2 Rf8 49. g4 f3 50. gxf3 Rxf3 51. a7 Qf8 52. Nf5 Rxf5 53. gxf5 Qc5+ 54.
Kh2 Qf2+ 55. Kh3 Bxf5# 0-1

[Event "4NCL Division Two"]
[Site "Daventry, ENG"]
[Date "2023.01.15"]
[Round "4.44"]
[White "McKay, Roderick M"]
[Black "Coathup, Roger H"]
[Result "1-0"]
[WhiteElo "2197"]
[BlackElo "2179"]
[PlyCount "75"]
[EventDate "2023.01.15"]
[WhiteTeam "Alba"]
[BlackTeam "North East England"]

1. d3 e5 2. Nf3 d6 3. e4 Nc6 4. Nc3 Be7 5. h3 Nf6 6. g4 h6 7. d4 Nh7 8. d5 Nb8
9. Be2 Nd7 10. Be3 Ndf8 11. Qd2 Ng6 12. O-O-O Ng5 13. Ng1 a6 14. Kb1 b5 15. Bd3
Bd7 16. Nce2 Nh4 17. Ng3 Bf6 18. Nf5 Ngf3 19. Nxf3 Nxf3 20. Qe2 Nh4 21. f4 exf4
22. Bxf4 Ng6 23. Bg3 Ne5 24. Qf2 g6 25. Nxd6+ cxd6 26. Rhf1 Rh7 27. Qxf6 Qxf6
28. Rxf6 Ke7 29. Rdf1 h5 30. Bh4 Ke8 31. Bg5 hxg4 32. hxg4 Bxg4 33. Rxd6 Nxd3
34. cxd3 Be2 35. Re1 Bxd3+ 36. Ka1 Rh2 37. e5 Re2 38. Rh1 1-0

[Event "4NCL Division Two"]
[Site "Daventry, ENG"]
[Date "2023.01.15"]
[Round "4.45"]
[White "Oswald, Graeme"]
[Black "Berry, Neil"]
[Result "1-0"]
[WhiteElo "2167"]
[BlackElo "2244"]
[PlyCount "85"]
[EventDate "2023.01.15"]
[WhiteTeam "North East England"]
[BlackTeam "Alba"]

1. e4 e5 2. Nf3 Nc6 3. Bb5 a6 4. Ba4 Nf6 5. O-O Be7 6. Re1 b5 7. Bb3 O-O 8. c3
d5 9. exd5 Nxd5 10. Nxe5 Nxe5 11. Rxe5 c6 12. d4 Bd6 13. Re1 Qh4 14. g3 Qh3 15.
Be3 Ra7 16. a4 Re7 17. Bxd5 cxd5 18. axb5 Bg4 19. Qd3 f5 20. Qf1 f4 21. Bxf4
Rxe1 22. Qxe1 Rxf4 23. Nd2 Rf6 24. Qe8+ Bf8 25. Rxa6 Qh6 26. Rxf6 Qxf6 27. Qe5
Qxe5 28. dxe5 Bc5 29. Nb3 Bb6 30. Nd4 Kf7 31. Kg2 Ke7 32. f4 Bxd4 33. cxd4 h5
34. h3 Bf5 35. g4 hxg4 36. hxg4 Bxg4 37. Kg3 Be2 38. b6 Kd7 39. Kh4 Kc6 40. Kg5
Bd3 41. e6 Kxb6 42. e7 Bb5 43. Kg6 1-0

[Event "4NCL Division Two"]
[Site "Daventry, ENG"]
[Date "2023.01.15"]
[Round "4.46"]
[White "Waldhausen Gordon, Frederick"]
[Black "Dargan, Paul A G"]
[Result "1-0"]
[WhiteElo "2069"]
[BlackElo "2157"]
[PlyCount "63"]
[EventDate "2023.01.15"]
[WhiteTeam "Alba"]
[BlackTeam "North East England"]

{[%evp 0,63,19,31,40,50,44,8,16,11,43,38,25,13,39,37,36,42,38,31,48,20,20,10,
55,51,45,34,41,31,58,50,48,32,39,44,42,25,25,8,18,26,34,35,41,-10,-10,-2,37,37,
166,171,179,179,179,144,182,178,208,200,200,216,216,216,216,224]} 1. e4 c5 2.
Nf3 e6 3. c3 d5 4. exd5 Qxd5 5. d4 Nf6 6. Be3 cxd4 7. cxd4 Bb4+ 8. Nc3 O-O 9.
Bd3 b6 10. Qe2 Bb7 11. O-O Bxc3 12. bxc3 Qh5 13. Ne5 Qxe2 14. Bxe2 Nbd7 15.
Nxd7 Nxd7 16. Rfd1 Rac8 17. Rac1 Rfd8 18. Rd2 h6 19. Rdc2 Be4 20. Rb2 e5 21.
Ba6 Rb8 22. dxe5 Nxe5 23. Bf4 Re8 24. Bb5 Nd3 25. Bxd3 Bxd3 26. Bxb8 Rxb8 27.
Rd2 Bc4 28. Rcd1 Kh7 29. Rd8 Rxd8 30. Rxd8 Bxa2 31. Ra8 a5 32. Rb8 1-0

[Event "4NCL Division Two"]
[Site "Daventry, ENG"]
[Date "2023.01.15"]
[Round "4.47"]
[White "Henderson, David"]
[Black "White, Stuart A"]
[Result "1/2-1/2"]
[WhiteElo "2150"]
[BlackElo "2021"]
[PlyCount "34"]
[EventDate "2023.01.15"]
[WhiteTeam "North East England"]
[BlackTeam "Alba"]

1. c4 c6 2. g3 d5 3. b3 Nf6 4. Bg2 Bf5 5. Nf3 e6 6. O-O Bd6 7. d4 O-O 8. Nc3
Ne4 9. Bb2 a5 10. Nd2 Nxc3 11. Bxc3 Bb4 12. Qc1 Nd7 13. e4 dxe4 14. Nxe4 Bxc3
15. Qxc3 Nf6 16. Nxf6+ Qxf6 17. Qe3 Rfd8 1/2-1/2

[Event "4NCL Division Two"]
[Site "Daventry, ENG"]
[Date "2023.01.15"]
[Round "4.48"]
[White "Cooke, Suzie G."]
[Black "Salazar Eyre, Emma"]
[Result "1-0"]
[WhiteElo "1952"]
[BlackElo "1644"]
[PlyCount "103"]
[EventDate "2023.01.15"]
[WhiteTeam "Alba"]
[BlackTeam "North East England"]

1. d4 Nf6 2. Bf4 d5 3. e3 c5 4. c3 Nc6 5. Nd2 Bf5 6. Qb3 Qc8 7. Ngf3 c4 8. Qd1
h6 9. h3 e6 10. Be2 Be7 11. Ne5 Nxe5 12. Bxe5 O-O 13. O-O Qd7 14. b4 b5 15. Bf3
Rac8 16. a4 a6 17. Re1 Rfd8 18. e4 dxe4 19. Nxe4 Nxe4 20. Bxe4 Bxe4 21. Rxe4
Bd6 22. Qe2 Bxe5 23. Rxe5 Qb7 24. Qh5 Rd5 25. Rxd5 exd5 26. axb5 axb5 27. Re1
Rf8 28. Re3 Qa8 29. Rg3 Qc6 30. Qe5 g6 31. Rf3 Qd7 32. Rf6 Re8 33. Qf4 Kg7 34.
Rd6 Qe7 35. Rxd5 Qe1+ 36. Kh2 Qxc3 37. Rxb5 Qb2 38. Rb7 Rf8 39. d5 Qb3 40. Rc7
c3 41. Qd4+ Kg8 42. Rxc3 Qa2 43. d6 Qa8 44. Rc7 Qb8 45. Qc4 Qe8 46. Re7 Qb8 47.
Qf4 Qd8 48. Qe5 Qb8 49. d7 Qxb4 50. Re8 Kh7 51. d8=Q Rxe8 52. Qdxe8 1-0

[Event "4NCL Division Two"]
[Site "Daventry, ENG"]
[Date "2023.01.15"]
[Round "4.51"]
[White "Claridge-Hansen, William"]
[Black "Cumming, Rhys"]
[Result "1/2-1/2"]
[WhiteElo "2315"]
[BlackElo "2367"]
[PlyCount "50"]
[EventDate "2023.01.15"]
[WhiteTeam "Oxford 1"]
[BlackTeam "Sussex Martlets 1"]

1. c4 e5 2. g3 Nf6 3. Bg2 d5 4. cxd5 Nxd5 5. Nf3 Nc6 6. O-O Nb6 7. b3 Be6 8.
Bb2 f6 9. Nc3 Qd7 10. Rc1 O-O-O 11. Qc2 Kb8 12. Rfd1 Nd4 13. Nxd4 exd4 14. Ne4
d3 15. exd3 c6 16. Nc5 Bxc5 17. Qxc5 Qxd3 18. Qe7 Qd7 19. Qxd7 Rxd7 20. d4 Bf5
21. Re1 Rhd8 22. Re2 Nd5 23. Rd2 Nc7 24. f3 h5 25. Kf2 Ne6 1/2-1/2

[Event "4NCL Division Two"]
[Site "Daventry, ENG"]
[Date "2023.01.15"]
[Round "4.52"]
[White "Payne, Matthew J"]
[Black "Zakarian, David"]
[Result "0-1"]
[WhiteElo "2194"]
[BlackElo "2292"]
[PlyCount "110"]
[EventDate "2023.01.15"]
[WhiteTeam "Sussex Martlets 1"]
[BlackTeam "Oxford 1"]

1. e4 c5 2. Nc3 a6 3. g3 b5 4. Bg2 Bb7 5. Nge2 e6 6. d4 cxd4 7. Nxd4 Nc6 8. O-O
Qb6 9. Nb3 d6 10. Be3 Qc7 11. f4 Nf6 12. Qe2 Be7 13. Qf2 Ng4 14. Bb6 Nxf2 15.
Bxc7 Ng4 16. Rfe1 Rc8 17. Bb6 h5 18. Re2 O-O 19. Rd1 Bd8 20. Bxd8 Rfxd8 21. h3
Nf6 22. Red2 Ne8 23. e5 d5 24. Nc5 Rc7 25. Bxd5 exd5 26. Nxd5 Rxd5 27. Rxd5 Bc8
28. e6 fxe6 29. Rxh5 Nf6 30. Rg5 Nh7 31. Rh5 g6 32. Rh4 Kg7 33. Rd6 Nf8 34. f5
Ne5 35. Nxe6+ Nxe6 36. fxe6 Nf3+ 37. Kf1 Nxh4 38. gxh4 Re7 39. Rc6 Bxe6 40.
Rxa6 Bc4+ 41. Kf2 Re2+ 42. Kf3 Rxc2 43. b3 Rc3+ 44. Kg2 Bd5+ 45. Kh2 Kh6 46.
Ra5 Bc6 47. Ra7 Rd3 48. a4 b4 49. h5 Kxh5 50. Rc7 Bd7 51. a5 Bxh3 52. a6 Rxb3
53. Rc5+ Kh4 54. Ra5 Rb2+ 55. Kg1 Kg3 0-1

[Event "4NCL Division Two"]
[Site "Daventry, ENG"]
[Date "2023.01.15"]
[Round "4.53"]
[White "Anand, Batsukh"]
[Black "Graham, David B"]
[Result "1-0"]
[WhiteElo "2203"]
[BlackElo "2187"]
[PlyCount "183"]
[EventDate "2023.01.15"]
[WhiteTeam "Oxford 1"]
[BlackTeam "Sussex Martlets 1"]

1. d4 Nf6 2. c4 g6 3. Nc3 Bg7 4. Nf3 d6 5. Bg5 O-O 6. e3 c6 7. Be2 Nbd7 8. O-O
a5 9. Qc2 Qc7 10. Rfd1 Re8 11. Rac1 e5 12. h3 Nf8 13. Bh4 Bf5 14. e4 exd4 15.
Nb5 cxb5 16. exf5 bxc4 17. Bxc4 Rac8 18. Nxd4 d5 19. Bb5 Qf4 20. Bg3 Qxc1 21.
Rxc1 Rxc2 22. Rxc2 Re1+ 23. Kh2 Ne4 24. Nf3 Ra1 25. a4 Nxg3 26. fxg3 gxf5 27.
Rd2 Ne6 28. Rxd5 Bxb2 29. Bd7 f4 30. gxf4 Nxf4 31. Rxa5 Rd1 32. Bb5 Ne6 33. Bc4
Ba3 34. Bxe6 fxe6 35. h4 Bd6+ 36. Kh3 Kg7 37. Rb5 Rh1+ 38. Kg4 Kg6 39. h5+ Kf6
40. Rxb7 Ra1 41. Ra7 Ra2 42. Kh3 h6 43. Ra6 Bc7 44. Rc6 Bb8 45. Rc4 Ra3 46. Rc8
Bd6 47. Ra8 e5 48. Ra6 Rd3 49. Kg4 e4 50. Ne1 Rd2 51. g3 Ke6 52. Kh3 e3 53. Ng2
e2 54. Kg4 Kd5 55. Kf3 Ra2 56. Ra8 Be5 57. a5 Bc3 58. Nf4+ Ke5 59. Nxe2 Bxa5
60. Ra6 Ra3+ 61. Kg4 Ra1 62. Rxh6 Bd2 63. Rg6 Rh1 64. Nf4 Bxf4 65. gxf4+ Kd5
66. h6 Rh2 67. Rg5+ Ke6 68. Rh5 Rg2+ 69. Kf3 Rg8 70. Ke4 Rh8 71. h7 Kf6 72. Kd5
Kg6 73. Rh1 Kf6 74. Kd6 Rd8+ 75. Kc7 Rh8 76. Kd7 Kf7 77. Kd6 Kf6 78. Rh6+ Kg7
79. Rh5 Kg6 80. Rg5+ Kf6 81. Rh5 Kg6 82. Rh1 Kf6 83. Rh4 Rd8+ 84. Kc5 Rh8 85.
Kd4 Kf5 86. Ke3 Kg6 87. Ke4 Re8+ 88. Kd5 Rh8 89. Ke6 Re8+ 90. Kd7 Rh8 91. Ke7
Kg7 92. f5 1-0

[Event "4NCL Division Two"]
[Site "Daventry, ENG"]
[Date "2023.01.15"]
[Round "4.54"]
[White "Miller, Dominic"]
[Black "Zakarian, Dimitrios Levon"]
[Result "1/2-1/2"]
[WhiteElo "2124"]
[BlackElo "2084"]
[PlyCount "85"]
[EventDate "2023.01.15"]
[WhiteTeam "Sussex Martlets 1"]
[BlackTeam "Oxford 1"]

1. e4 c5 2. Nf3 e6 3. d4 cxd4 4. Nxd4 a6 5. c4 Nf6 6. Nc3 Qc7 7. a3 Be7 8. Be3
d6 9. Be2 Nbd7 10. O-O O-O 11. Rc1 b6 12. f3 Bb7 13. Qd2 Rac8 14. b4 Rfe8 15.
Rfd1 Qb8 16. Kh1 Qa8 17. Nb3 Bf8 18. Na4 d5 19. exd5 exd5 20. Nxb6 Nxb6 21.
Bxb6 dxc4 22. Na5 c3 23. Qc2 Nd5 24. Bd4 Ne3 25. Bxe3 Rxe3 26. Bc4 Rc7 27. Rd3
Rce7 28. Qxc3 Qe8 29. Rxe3 Rxe3 30. Qd2 Bc8 31. Nc6 Bf5 32. Nd8 Bg6 33. Bxa6
Rxa3 34. Bc4 Ra8 35. Rd1 Bxb4 36. Qd5 Rc8 37. Bb5 Qe7 38. Ba6 Rc2 39. Nc6 Qd6
40. Nxb4 Qxb4 41. Qd8+ Qf8 42. Qb6 h6 43. h3 1/2-1/2